00513nam a22001457a 450000500170000000800410001704100130005808200140007110000280008524501290011325000210024226000470026330000320031065000250034220231108103505.0231108b |||||||| |||| 00| 0 eng d aEnglish  a346.3 MCK aMcKerron, RG lEnglish  aThe Law of Delict : bA Treatise on the Principles of Liability for Civil Wrongs in the Law of South Africa / cRG McKerron  aSeventh Edition  aCape Town : bJuta and Company Ltd, c1971 bxliv, 342 pages ; c26 cm.  aLegal practice bLaw